000 00460nam a2200169Ia 4500
003 GCL
008 140319s9999 xx 000 0 eng d
040 _aGCL /
_cGCL
082 0 4 _a892.7
_bV
100 1 _aVATICAN LIBRARY
245 1 0 _aBIBLIOGRAFIA DELL 'ARCHIVES VATICANO /
_cVATICAN LIBRARY
260 _a[S.N] :
_bVATICAN LIBRARY ،
_c1962
650 0 4 _aBIBLIOGRAPHIES
650 0 4 _aVATICAN - ARCHIVES
650 0 4 _aMANUSCRIPTS, ARABIC
942 _2ddc
_cBK
999 _c12397
_d12397